000 00508nam a22001817a 4500
003 CEME
005 20210628204100.0
008 210107b xxu||||| |||| 00| 0 eng d
020 _a0071467882
040 _cceme
082 _a621.56 MIL
100 _aMiller, Rex , Miller, Mark R
_968634
245 _aAir conditioning and refrigeration , over 800 illustrations
260 _aNEW YORK
_bMCGRAW HILL
_c2006
300 _aXVII, 603P
650 _aAIR CONDITIONING.REFRIGERATION
_968635
942 _cBK
_2ddc
999 _c576156
_d576156